| 000 | 00642nam a22001697a 4500 | ||
|---|---|---|---|
| 999 |
_c16320 _d16320 |
||
| 008 | 170307b xxu||||| |||| 00| 0 eng d | ||
| 020 | _a9966769927 | ||
| 050 |
_aREF JQ1875 _b.A37 2015 C.1 |
||
| 245 |
_aAfrican Institute for leaders and leadership year book volume one _blessons from africa's past _cedited by Korwa G. Adar, Plo Lumumba and Pamela N.Inoti |
||
| 260 |
_aNairobi _bMwvule Africa _c2015 |
||
| 300 | _axi, 236 p. | ||
| 650 |
_aPolitical leadership _zAfrica |
||
| 700 | _aAdar, Korwa G. | ||
| 700 | _aLumumba, Plo. | ||
| 700 | _aInoti,Pamela N. | ||
| 942 |
_2lcc _cREF _hREF JQ1875 .A37 2015 C.1 _kREF |
||